| 000 | 00591nam a2200241 a 4500 | ||
|---|---|---|---|
| 001 | nice12345678 | ||
| 003 | IN_TiNIC | ||
| 005 | 20260116011336.0 | ||
| 008 | 050524s1947 lona grp 000 0 eng | ||
| 020 |
_a _c0 |
||
| 082 | 0 | 0 |
_a269.2 _bPHI1 |
| 100 | _aPhillips, Godfrey E | ||
| 245 | _aGospel in the World. | ||
| 260 |
_aLondon _bGerald Duckworth & Co. _c1947 |
||
| 300 | _a143p | ||
| 500 | _aincludes index and biblioraphy | ||
| 505 | 2 | _aBibliography, Index | |
| 650 | _aEvangelistic Work | ||
| 700 | 1 | _aPhillips, Godfrey E | |
| 902 | _bSRS | ||
| 942 | _cBK | ||
| 999 |
_c671 _d671 |
||